Biodiversity : (Record no. 8792)

MARC details
000 -LEADER
fixed length control field 00877pam a2200241 a 4500
001 - CONTROL NUMBER
control field 707776
003 - CONTROL NUMBER IDENTIFIER
control field OSt
005 - DATE AND TIME OF LATEST TRANSACTION
control field 20240625105028.0
008 - FIXED-LENGTH DATA ELEMENTS--GENERAL INFORMATION
fixed length control field 970313s1997 mauab b 001 0 eng
020 ## - INTERNATIONAL STANDARD BOOK NUMBER
International Standard Book Number 086542439X
040 ## - CATALOGING SOURCE
Original cataloging agency DDC
Transcribing agency MUST
082 00 - DEWEY DECIMAL CLASSIFICATION NUMBER
Classification number 333.95 PER 1997
Edition number 19
100 1# - MAIN ENTRY--PERSONAL NAME
Personal name Perlman, Dan L.
9 (RLIN) 17760
245 10 - TITLE STATEMENT
Title Biodiversity :
Remainder of title exploring values and priorities in conservation /
Statement of responsibility, etc. Dan L. Perlman, Glenn Adelson ; [foreword by Edward O. Wilson].
260 ## - PUBLICATION, DISTRIBUTION, ETC. (IMPRINT)
Place of publication, distribution, etc. Malden, Mass. :
Name of publisher, distributor, etc. Blackwell Science,
Date of publication, distribution, etc. c1997.
300 ## - PHYSICAL DESCRIPTION
Extent ix, 182 p. :
Other physical details ill. (some col.), maps ;
Dimensions 26 cm.
504 ## - BIBLIOGRAPHY, ETC. NOTE
Bibliography, etc Includes bibliographical references and index.
650 #0 - SUBJECT ADDED ENTRY--TOPICAL TERM
Topical term or geographic name as entry element Biodiversity.
9 (RLIN) 1737
650 #0 - SUBJECT ADDED ENTRY--TOPICAL TERM
Topical term or geographic name as entry element Biodiversity conservation.
9 (RLIN) 17761
700 1# - ADDED ENTRY--PERSONAL NAME
Personal name Adelson, Glenn.
9 (RLIN) 17762
942 ## - ADDED ENTRY ELEMENTS (KOHA)
Source of classification or shelving scheme Dewey Decimal Classification
Koha item type Open Shelf
Holdings
Withdrawn status Lost status Source of classification or shelving scheme Damaged status Not for loan Home library Current library Source of acquisition Inventory number Total Checkouts Full call number Barcode Date last seen Koha item type
    Dewey Decimal Classification     MUST Main Library MUST Main Library Purchase 07/29271   333.95 PER 1997 2024-21173 25/06/2024 Open Shelf